[Event "Zonal 2.4 2017"]
[Site "Florianopolis BRA"]
[Date "2017.04.27"]
[Round "2.33"]
[White "Karoly,Carlos Acacio Gomes"]
[Black "Hiramine,Rodrigo Yoshio Ferreir"]
[Result "1-0"]
[WhiteElo "1799"]
[BlackElo "2045"]

1.e4 c5 2.Nf3 e6 3.d4 cxd4 4.Nxd4 Nf6 5.Nc3 d6 6.g4 e5 7.Bb5+ Bd7 8.Bxd7+ Qxd7
9.Nf5 h5 10.Bg5 Nxg4 11.h3 Nf6 12.Bxf6 gxf6 13.Nd5 Qd8 14.Qd2 Nc6 15.O-O-O a5
16.Kb1 b5 17.Rhg1 b4 18.Rg3 h4 19.Rg4 Rh5 20.Rg8 Rxf5 21.exf5 Nd4 22.Qh6 Kd7
23.Qh7 Kc6 24.Qxf7 Rc8 25.Nxf6 Kb5 26.Qb7+ Ka4 27.Rxd4 Rc5 28.Rd3 Qxf6 29.Ra3+
{#r} 1-0

[Event "Zonal 2.4 2017"]
[Site "Florianopolis BRA"]
[Date "2017.04.27"]
[Round "2.35"]
[White "Rodrigues,Natanael Isau"]
[Black "Goncalves,J1"]
[Result "1-0"]
[WhiteElo "1774"]
[BlackElo "2006"]

1.Nf3 d5 2.g3 e6 3.Bg2 Bd6 4.O-O f5 5.d3 Nf6 6.b3 O-O 7.Bb2 Nbd7 8.Nbd2 f4
9.c4 Qe8 10.d4 c6 11.Qc2 Qh5 12.e4 fxe3 13.fxe3 Ng4 14.Rae1 Ndf6 15.e4 Nxh2
16.e5 Nxf1 17.Nxf1 Ne4 18.exd6 Rxf3 19.Bxf3 Qxf3 20.Re3 Qf7 21.c5 Bd7 22.Qe2
Rf8 23.Nh2 Ng5 24.Ng4 Qf5 25.Ne5 Rf6 26.Nxd7 Qb1+ 27.Kg2 Rh6 28.Bc1 Qxc1
29.Qe1 Qb2+ 30.Qe2 Qb1 31.Qe1 Qxa2+ 32.Re2 Qxb3 33.Ne5 Kf8 34.Qf2+ Rf6 35.Nd7+
Kf7 36.Nxf6 gxf6 37.d7 {#r} 1-0

[Event "Zonal 2.4 2017"]
[Site "Florianopolis BRA"]
[Date "2017.04.27"]
[Round "2.36"]
[White "Cunha,Adriano de Jesus Silva"]
[Black "Predebon,Eduardo"]
[Result "0-1"]
[WhiteElo "1995"]
[BlackElo "1829"]

1.Nf3 Nf6 2.d4 g6 3.Bf4 Bg7 4.e3 d6 5.Be2 O-O 6.O-O Nbd7 7.Nbd2 c5 8.c3 b6
9.a4 Nh5 10.Bg5 h6 11.Bh4 g5 12.Ne1 gxh4 13.Bxh5 Bb7 14.Bf3 Bxf3 15.Nexf3 e6
16.Qc2 Rc8 17.Rad1 d5 18.Qd3 c4 19.Qc2 Qf6 20.e4 h3 21.gxh3 Kh8 22.Kh1 Qf4
23.Rde1 Rfe8 24.e5 f6 25.exf6 Qxf6 26.Rg1 e5 27.Rg6 Qf4 28.Reg1 Re7 29.R1g4
Qf8 30.Nh4 e4 31.Rxh6+ Bxh6 32.Ng6+ Kh7 33.Nxf8+ Rxf8 34.Nf1 Ref7 35.f4 Bxf4
36.Qg2 Bh6 {#R} 0-1

[Event "Zonal 2.4 2017"]
[Site "Florianopolis BRA"]
[Date "2017.04.27"]
[Round "2.37"]
[White "Do Prado,Hamilton Mesquita"]
[Black "Fonseca,Luis Ernesto Serra Azul"]
[Result "0-1"]
[WhiteElo "1744"]
[BlackElo "1990"]

1.d4 Nf6 2.Bf4 e6 3.e3 c5 4.c3 Nc6 5.Nd2 b6 6.h3 Bb7 7.Bd3 cxd4 8.exd4 d6
9.Ne4 Be7 10.Nxf6+ Bxf6 11.Bg3 O-O 12.Nf3 e5 13.dxe5 Nxe5 14.Be2 Nxf3+ 15.gxf3
d5 16.O-O d4 17.cxd4 Bxd4 18.Rb1 Qf6 19.b3 Rfd8 20.Qc1 Qe6 21.Qc4 Qxh3 22.Rbd1
Qxg3+ {#R} 0-1

[Event "Zonal 2.4 2017"]
[Site "Florianopolis BRA"]
[Date "2017.04.27"]
[Round "2.38"]
[White "Cella,G"]
[Black "Gomes,Carlos Henrique Caldeira"]
[Result "1-0"]
[WhiteElo "1988"]
[BlackElo "1792"]

1.e4 c6 2.Nf3 d5 3.exd5 cxd5 4.d4 Bg4 5.c3 Nf6 6.Qb3 Qc7 7.Ne5 e6 8.Bf4 Bd6
9.f3 Bf5 10.Na3 Bxa3 11.Qxa3 Qe7 12.Bb5+ Nfd7 13.Qb3 O-O 14.Bxd7 Nxd7 15.Qxb7
Nxe5 16.Qxe7 Nd3+ 17.Kd2 Nxf4 18.Qg5 Nd3 19.b3 f6 20.Qg3 Rac8 21.Qd6 Rfd8
22.Qe7 e5 23.g4 Rd7 24.Qxd7 Bxd7 25.Kxd3 e4+ 26.fxe4 Bxg4 27.exd5 Bf5+ 28.Kd2
Be4 29.Rhe1 Bxd5 30.c4 Bf3 31.d5 a5 32.Ke3 Bg2 33.Kd4 Kf7 34.d6 g5 35.Re7+
{#r} 1-0

[Event "Zonal 2.4 2017"]
[Site "Florianopolis BRA"]
[Date "2017.04.27"]
[Round "2.39"]
[White "De Vilhena,Cleriston Mubarak T."]
[Black "Bassani,Jaison Jose"]
[Result "0-1"]
[WhiteElo "1601"]
[BlackElo "1969"]

1.d4 Nf6 2.c4 e5 3.dxe5 Ng4 4.Nf3 Bc5 5.e3 Nc6 6.Nc3 O-O 7.h3 Ngxe5 8.Nxe5
Nxe5 9.Be2 d6 10.O-O a5 11.b3 Bd7 12.Bb2 Bc6 13.Nd5 Re8 14.Re1 Re6 15.Bd4 Bb4
16.Nxb4 axb4 17.Bxe5 Rxe5 18.Bf3 Qf6 19.Bxc6 bxc6 20.Qf3 Qxf3 21.gxf3 Ra3
22.f4 Rea5 23.Re2 Rxb3 24.Rc1 Rba3 25.Rcc2 Rc5 26.Re1 Rc3 27.Rec1 R5xc4 {#R}
0-1

[Event "Zonal 2.4 2017"]
[Site "Florianopolis BRA"]
[Date "2017.04.27"]
[Round "2.40"]
[White "Baeta,M"]
[Black "Gomes,Marc"]
[Result "1-0"]
[WhiteElo "1968"]
[BlackElo "1759"]

1.e4 c5 2.Nf3 e6 3.d4 cxd4 4.Nxd4 Nc6 5.g3 a6 6.Bg2 Be7 7.Be3 Qc7 8.Nc3 Nf6
9.Bf4 e5 10.Nxc6 Qxc6 11.Be3 Rb8 12.Rb1 O-O 13.O-O Rd8 14.Bg5 h6 15.Bxf6 Bxf6
{#r} 1-0

[Event "Zonal 2.4 2017"]
[Site "Florianopolis BRA"]
[Date "2017.04.27"]
[Round "2.42"]
[White "Abdalla,Umar Mohammad"]
[Black "Zimmermann,Kleber Renato P."]
[Result "0-1"]
[WhiteElo "1357"]
[BlackElo "1961"]

1.d4 Nf6 2.c4 c5 3.e3 g6 4.Nc3 Bg7 5.Nf3 O-O 6.Bd3 d5 7.O-O cxd4 8.exd4 dxc4
9.Bxc4 Nbd7 10.Bb3 Nb6 11.h3 e6 12.Bg5 h6 13.Bh4 g5 14.Bg3 Nbd5 15.Re1 Nxc3
16.bxc3 b5 17.Be5 Bb7 18.Bc2 Qe7 19.Qd3 Rfd8 20.Bxf6 Qxf6 21.Ne5 Rac8 22.Ng4
Qf5 23.Qe2 Qd5 24.Ne3 Qc6 25.f3 Qxc3 26.Qxb5 Bxd4 {#R} 0-1

[Event "PSS IM Norm 2017"]
[Site "Johannesburg RSA"]
[Date "2017.04.27"]
[Round "2.2"]
[White "Makoto,R"]
[Black "Mosetlhe,K"]
[Result "0-1"]
[WhiteElo "2378"]
[BlackElo "2162"]

1.Nf3 d5 2.c4 e6 3.g3 d4 4.Bg2 c5 5.e3 Nc6 6.exd4 cxd4 7.O-O Nf6 8.b3 Bd6
9.Ba3 O-O 10.Re1 Re8 11.c5 Bc7 12.b4 a6 13.d3 e5 14.Nbd2 Nd5 15.Qb3 Nc3 16.Nc4
Bf5 17.Bf1 Qf6 18.Bb2 Bxd3 19.Bxd3 Qxf3 20.Bf1 e4 21.Bxc3 Qxc3 22.Qxc3 dxc3
23.a3 Nd4 24.Red1 Rad8 25.Nd6 Nf3+ 26.Kg2 Bxd6 27.cxd6 c2 28.Rd5 Re5 29.Rc5
Rxc5 30.bxc5 Ne5 31.f3 Nd3 32.fxe4 c1=Q 33.Rxc1 Nxc1 34.Bc4 b6 35.Kf3 bxc5
36.e5 Kf8 37.Ke4 f6 38.a4 a5 39.Kd5 fxe5 40.Kxe5 Rb8 41.Kd5 Ke8 {#R} 0-1

[Event "PSS IM Norm 2017"]
[Site "Johannesburg RSA"]
[Date "2017.04.27"]
[Round "3.3"]
[White "Barrish,Daniel"]
[Black "Sriram,J"]
[Result "1-0"]
[WhiteElo "2252"]
[BlackElo "2396"]

1.d4 d5 2.c4 c6 3.cxd5 cxd5 4.Nc3 Nc6 5.e4 e6 6.e5 Nge7 7.Nf3 Nf5 8.g4 Nh4
9.Be3 Nxf3+ 10.Qxf3 Qb6 11.O-O-O Bb4 12.Ne2 Na5 13.Nf4 Bd7 14.Nh5 O-O-O 15.Bg5
Ba4 16.Bxd8 Qc6+ 17.Kb1 Bc2+ 18.Ka1 Nb3+ 19.axb3 b5 20.Ba5 Bxa5 21.Rc1 Bd2
22.Bxb5 Qc7 23.Qe2 {#r} 1-0

[Event "World Schools U17 2017"]
[Site "Iasi ROU"]
[Date "2017.04.27"]
[Round "6.2"]
[White "Vasiesiu,Victor"]
[Black "Zubcu,Vlad-George"]
[Result "1-0"]
[WhiteElo "2228"]
[BlackElo "2127"]

1.c4 Nf6 2.g3 d5 3.cxd5 Nxd5 4.Bg2 g6 5.Nc3 Nxc3 6.bxc3 Bg7 7.d4 O-O 8.Rb1 c6
9.Nf3 Nd7 10.Bf4 Nb6 11.Qc2 Nd5 12.Bd2 Nf6 13.Ne5 Nd7 14.Nc4 e5 15.O-O exd4
16.cxd4 Bxd4 17.Rfd1 Qf6 18.Bf4 Nb6 19.Bh6 Re8 20.e3 Bf5 21.e4 Bg4 22.Rd2 Rad8
23.h4 Qe6 24.Ne3 Bf6 25.Kh2 Rxd2 26.Qxd2 Rd8 27.Qa5 Nc4 28.Nxc4 Qxc4 29.Rxb7
a6 30.e5 Bxh4 31.gxh4 Re8 32.Qb4 Qe6 33.Qd6 {#r} 1-0

[Event "World Schools U17 2017"]
[Site "Iasi ROU"]
[Date "2017.04.27"]
[Round "6.7"]
[White "Herath,Nipuna B B"]
[Black "Ahmad Nazari,Emir Rusyaidi"]
[Result "0-1"]
[WhiteElo "1644"]
[BlackElo "1812"]

1.e4 c6 2.d4 d5 3.Nc3 dxe4 4.Nxe4 Nf6 5.Nxf6+ exf6 6.c3 Bf5 7.Bc4 Bd6 8.Ne2
Qc7 9.h3 O-O 10.O-O Nd7 11.Be3 Rfe8 12.Bd3 Bxd3 13.Qxd3 Re6 14.Rfe1 Rae8
15.Kf1 Qd8 16.Ng1 Bb8 17.Rad1 Qa5 18.a3 f5 19.Nf3 Nf6 20.Ng5 R6e7 21.Bd2 Ne4
22.Nxe4 fxe4 23.Qc4 Qc7 24.Ke2 Qh2 25.Rg1 e3 26.Bxe3 Bf4 27.Qd3 Bxe3 28.fxe3
Qf4 29.Kd2 Rxe3 30.Kc2 Rxd3 31.Kxd3 Qf2 32.Kc4 Qxb2 33.a4 Re3 34.Kc5 Qa3+ {#R}
0-1

[Event "World Schools U17 2017"]
[Site "Iasi ROU"]
[Date "2017.04.27"]
[Round "6.9"]
[White "Albu,George"]
[Black "Ranawaka,Nuran Lakshitha N"]
[Result "1-0"]
[WhiteElo "1950"]
[BlackElo "1515"]

1.d4 d5 2.c4 c6 3.Nc3 Nf6 4.Nf3 e6 5.e3 Bd6 6.Bd3 dxc4 7.Bxc4 b5 8.Bb3 Bb7
9.O-O a6 10.Re1 O-O 11.e4 Be7 12.Bg5 c5 13.e5 Nfd7 14.Bxe7 Qxe7 15.d5 exd5
16.Nxd5 Qd8 17.e6 fxe6 18.Rxe6 c4 19.Ne7+ Kh8 20.Ng5 Rf6 21.Qh5 Nf8 22.Rxf6
{#r} 1-0

[Event "World Schools U17 2017"]
[Site "Iasi ROU"]
[Date "2017.04.27"]
[Round "6.10"]
[White "Hriscu,Alexandru-Gabriel"]
[Black "Ciesielski,Marceli"]
[Result "1-0"]
[WhiteElo "1712"]
[BlackElo "1366"]

1.d4 d5 2.c4 e6 3.Nf3 Nf6 4.g3 Be7 5.Bg2 O-O 6.O-O dxc4 7.Ne5 Nbd7 8.Nxc4 c5
9.dxc5 Bxc5 10.Nc3 Nb6 11.Nd2 Nbd5 12.Nde4 Nxc3 13.Nxc3 Qe7 14.Qc2 Rb8 15.Bg5
Qc7 16.Rac1 Qa5 17.Bf4 e5 18.Bd2 Qa6 19.Ne4 Nxe4 20.Bxe4 Qxe2 21.Bxh7+ Kh8
22.Bd3 Qf3 23.Be4 Qe2 24.Rce1 Qb5 25.Bd3 Bxf2+ 26.Rxf2 Qd5 27.Re4 Rd8 28.Rh4+
Kg8 29.Bh7+ Kf8 30.Bb4+ Ke8 31.Bf5 Bxf5 32.Rh8+ Kd7 33.Qxf5+ Kc6 34.Qc2+ Kb6
35.Rxd8 Rxd8 36.Rd2 Qb5 37.Qc5+ {#r} 1-0

[Event "World Senior Teams +50"]
[Site "Hersonissos GRE"]
[Date "2017.04.27"]
[Round "4.2"]
[White "Short,N"]
[Black "Plaskett,J"]
[Result "1-0"]
[WhiteElo "2683"]
[BlackElo "2458"]

1.c4 e5 2.e3 g6 3.d4 d6 4.Nc3 Nd7 5.g3 Bg7 6.Bg2 Ne7 7.Nge2 O-O 8.a4 f5 9.a5
a6 10.b3 g5 11.dxe5 dxe5 12.Ba3 c6 13.g4 f4 14.Be4 f3 15.Ng3 Qxa5 16.O-O c5
17.Bb2 Qb6 18.Bxf3 Nf6 19.Nce4 Ng6 20.Nxg5 Rd8 21.Qc2 Bxg4 22.Bxg4 Nxg4 23.h3
Nh6 24.Nh5 Bh8 25.f4 Qc6 26.f5 Nf8 27.Rf2 Nf7 28.Ne4 Nd7 29.f6 Nf8 30.Kh2 Ng6
31.Rg1 Kf8 32.Rfg2 Ke8 33.Bc3 Kd7 34.Nhg3 Kc7 35.Rf2 Rd7 36.Qe2 Rg8 37.Qh5 h6
38.Rd2 Rxd2+ 39.Bxd2 b6 40.Bc3 Qe6 41.Nf5 Ng5 42.Nxh6 {#r} 1-0

[Event "World Senior Teams +50"]
[Site "Hersonissos GRE"]
[Date "2017.04.27"]
[Round "4.2"]
[White "Fegan,C"]
[Black "Arkell,K"]
[Result "0-1"]
[WhiteElo "2052"]
[BlackElo "2411"]

1.e4 g6 2.g3 c5 3.Bg2 Nc6 4.c3 Bg7 5.f4 e6 6.Nf3 d5 7.e5 Nge7 8.O-O Nf5 9.Na3
h5 10.d3 Rb8 11.Qe2 b5 12.d4 cxd4 13.cxd4 Ncxd4 14.Nxd4 Nxd4 15.Qf2 Nc6 16.Be3
O-O 17.Bxa7 Nxa7 18.Qxa7 Qb6+ 19.Qxb6 Rxb6 20.Rfc1 b4 21.Nc2 f6 22.Nd4 fxe5
23.Nc6 exf4 24.Ne7+ Kh7 25.Rxc8 Rxc8 26.Nxc8 Rc6 27.Na7 {#R} 0-1

[Event "World Senior Teams +50"]
[Site "Hersonissos GRE"]
[Date "2017.04.27"]
[Round "4.3"]
[White "Denk,A"]
[Black "Greenfeld,A"]
[Result "0-1"]
[WhiteElo "2268"]
[BlackElo "2550"]

1.d4 Nf6 2.Nf3 c5 3.c4 cxd4 4.Nxd4 e5 5.Nc2 b5 6.Nc3 b4 7.Nd5 Nxd5 8.Qxd5 Nc6
9.g3 Bb7 10.Bg2 Qc7 11.Qd3 Nd4 12.Bxb7 Nxc2+ 13.Qxc2 Qxb7 14.O-O Bc5 15.Rd1
O-O 16.b3 f5 17.Rd5 d6 18.Be3 Bxe3 19.fxe3 f4 20.exf4 exf4 21.Qd3 fxg3 22.hxg3
Qf7 23.Qf3 Qe7 24.Rf5 Rxf5 25.Qxa8+ Rf8 26.Qd5+ Kh8 27.Qd4 Qxe2 28.Rd1 Rf6
29.c5 Qf3 {#R} 0-1

[Event "World Senior Teams +50"]
[Site "Hersonissos GRE"]
[Date "2017.04.27"]
[Round "4.5"]
[White "Kivimaki,Ja"]
[Black "Robertson,I"]
[Result "1-0"]
[WhiteElo "2135"]
[BlackElo "2053"]

1.d4 d6 2.e4 Nf6 3.Nc3 e5 4.dxe5 dxe5 5.Qxd8+ Kxd8 6.Bg5 Be6 7.O-O-O+ Kc8
8.Nf3 Nbd7 9.Bh4 h6 10.Bg3 Bb4 11.Nd5 Bd6 12.Nxf6 Nxf6 13.Bd3 Nd7 14.Bb5 f6
15.Nh4 a6 16.Be2 h5 17.f3 Bc5 18.Kb1 c6 19.f4 exf4 20.Ng6 Re8 21.Nxf4 Bg4
22.Bxg4 hxg4 23.h3 gxh3 24.Rxh3 Ne5 25.Rh7 Bf8 26.Nh5 Re7 27.Nf4 b6 28.Nd3
Nxd3 29.Rxd3 Rd7 30.e5 Rxd3 31.cxd3 fxe5 32.Bxe5 Ra7 33.Rh8 Rf7 34.Bd6 {#r}
1-0

[Event "World Senior Teams +50"]
[Site "Hersonissos GRE"]
[Date "2017.04.27"]
[Round "4.5"]
[White "Bhopal,Raj"]
[Black "Meskanen,V"]
[Result "1-0"]
[WhiteElo "1951"]
[BlackElo "2052"]

1.e4 c5 2.Nf3 d6 3.Bb5+ Nc6 4.O-O Bd7 5.Re1 a6 6.Bd3 g6 7.c3 Bg7 8.Bc2 e5 9.d3
Rc8 10.Nbd2 Nge7 11.Nc4 Qc7 12.a4 O-O 13.Ne3 h6 14.Bb3 Kh7 15.g4 f5 16.exf5
gxf5 17.gxf5 Nxf5 18.Nxf5 Rxf5 19.Nh4 Rf6 20.d4 exd4 21.Qd3+ Kh8 22.Ng6+ Rxg6+
23.Qxg6 Ne5 24.Rxe5 dxe5 25.Bc2 Kg8 26.Bxh6 Bh3 27.Bb3+ Kh8 28.Bf7 Qxf7
29.Qxf7 Bxh6 30.Qf6+ Kh7 31.Qe7+ Kh8 32.Qxe5+ Kh7 33.Qe4+ Kh8 34.Kh1 Bd7
35.Qe5+ Bg7 36.Qh5+ {#r} 1-0

[Event "World Senior Teams +65"]
[Site "Hersonissos GRE"]
[Date "2017.04.27"]
[Round "4.1"]
[White "Werner,Cle"]
[Black "Vaisser,A"]
[Result "0-1"]
[WhiteElo "2346"]
[BlackElo "2506"]

1.e4 e6 2.d4 d5 3.Nd2 c5 4.exd5 exd5 5.Ngf3 cxd4 6.Bb5+ Nc6 7.Nxd4 Bd7 8.N2b3
Bd6 9.O-O Qh4 10.Re1+ Nge7 11.g3 Qf6 12.Be3 O-O 13.Qh5 h6 14.Rad1 a6 15.Nxc6
bxc6 16.Nc5 Bc8 17.Bd4 Qg5 18.Qxg5 hxg5 19.Be2 Nf5 20.Nb3 Nxd4 21.Nxd4 Bd7
22.c3 Rfe8 23.Bd3 g6 24.Rxe8+ Bxe8 25.Be2 Be5 26.Nf3 Bf6 27.h4 gxh4 28.Nxh4 a5
29.Nf3 Rb8 30.Rd2 a4 31.Rc2 Bd7 32.Ne1 c5 33.Nd3 c4 34.Nf4 a3 35.bxa3 Rb1+
36.Kg2 Ba4 37.Rd2 d4 38.Nd5 dxc3 39.Nxc3 Bxc3 40.Rd8+ Kg7 41.Rc8 Rb2 42.Kf3
Rxa2 {#R} 0-1

[Event "World Senior Teams +65"]
[Site "Hersonissos GRE"]
[Date "2017.04.27"]
[Round "4.1"]
[White "Sharif,Me"]
[Black "Salov,S"]
[Result "1-0"]
[WhiteElo "2385"]
[BlackElo "2190"]

1.Nf3 c5 2.c4 g6 3.d4 cxd4 4.Nxd4 Bg7 5.e4 Nc6 6.Be3 Nf6 7.Nc3 Ng4 8.Qxg4 Nxd4
9.Qd1 Ne6 10.Rc1 O-O 11.Qd2 d6 12.b4 b6 13.Be2 Bb7 14.Nd5 f5 15.exf5 gxf5
16.O-O Nc7 17.Bf3 Kh8 18.Bg5 Nxd5 19.Bxd5 Qd7 20.Rfe1 e5 21.Bxb7 Qxb7 22.Qxd6
Qf7 23.c5 bxc5 24.bxc5 Rae8 25.c6 f4 26.c7 f3 27.Bd8 fxg2 28.Rc2 e4 29.c8=Q e3
30.f4 {#r} 1-0

[Event "World Senior Teams +65"]
[Site "Hersonissos GRE"]
[Date "2017.04.27"]
[Round "4.2"]
[White "Balashov,Y"]
[Black "Hohler,P"]
[Result "1-0"]
[WhiteElo "2408"]
[BlackElo "2076"]

1.Nf3 Nf6 2.d4 b6 3.e3 Bb7 4.Bd3 d6 5.c4 Nbd7 6.Nc3 e5 7.e4 Be7 8.O-O O-O
9.Re1 Re8 10.a3 Bf8 11.d5 g6 12.b4 Bg7 13.Rb1 h6 14.Na4 c6 15.dxc6 Bxc6 16.Nc3
Nf8 17.Nd5 Nxd5 18.cxd5 Bd7 19.Qe2 Rc8 20.b5 f5 21.Nd2 fxe4 22.Nxe4 Bf5 23.g4
Bxe4 24.Qxe4 Re7 25.Be3 Rec7 26.a4 Kh7 27.a5 Rb7 28.axb6 axb6 29.g5 hxg5
30.Rec1 Rxc1+ 31.Rxc1 Qf6 32.Qg4 Bh6 33.Rc6 Nd7 34.Qe6 Qxe6 35.dxe6 Nc5
36.Rxd6 Bf8 37.Bxc5 Bxd6 38.Bxd6 Kg7 39.e7 {#r} 1-0

[Event "World Senior Teams +65"]
[Site "Hersonissos GRE"]
[Date "2017.04.27"]
[Round "4.3"]
[White "Watzka,H"]
[Black "Petschar,K"]
[Result "0-1"]
[WhiteElo "2165"]
[BlackElo "2282"]

1.e4 c5 2.Nf3 Nc6 3.Bb5 e6 4.O-O Nge7 5.Nc3 a6 6.Bxc6 Nxc6 7.d4 cxd4 8.Nxd4
Be7 9.Be3 O-O 10.Nxc6 bxc6 11.Na4 Rb8 12.c4 d6 13.b3 f5 14.exf5 Rxf5 15.Qd2 c5
16.Rad1 Qf8 17.f3 Bb7 18.Qa5 Bf6 19.Qd2 Rd8 20.Qf2 Be7 21.Rc1 Rc8 22.Rfd1 h6
23.Rd3 Qf7 24.Rcd1 Rf8 25.Qg3 Rf6 26.Qh3 Rg6 27.Kf2 Be4 28.Rxd6 Bf5 29.Qh5
Rxg2+ {#R} 0-1

[Event "World Senior Teams +65"]
[Site "Hersonissos GRE"]
[Date "2017.04.27"]
[Round "4.3"]
[White "Ager,J"]
[Black "Pitzl,K"]
[Result "1-0"]
[WhiteElo "2132"]
[BlackElo "2001"]

1.c4 Nf6 2.Nc3 g6 3.d4 Bg7 4.e4 d6 5.Be2 O-O 6.Bg5 h6 7.Be3 e5 8.d5 Na6 9.Qd2
Nc5 10.f3 h5 11.h4 a5 12.Nh3 Bd7 13.Nf2 c6 14.Bg5 Qb6 15.g4 cxd5 16.Bxf6 Bxf6
17.Nxd5 Qd8 18.Nxf6+ Qxf6 19.g5 Qe7 20.Rd1 Bc6 21.Qxd6 Qxd6 22.Rxd6 Rad8
23.Rd2 Ne6 24.Nd3 Nf4 25.Nxe5 Ng2+ 26.Kd1 Rxd2+ 27.Kxd2 Rd8+ 28.Nd3 b5 29.c5
b4 30.Rh2 Nf4 31.Ke3 Ne6 32.Ne5 Be8 33.Bc4 Nxc5 34.Nxg6 Na4 35.Nf4 Nxb2
36.Rxb2 {#r} 1-0

[Event "World Senior Teams +65"]
[Site "Hersonissos GRE"]
[Date "2017.04.27"]
[Round "4.5"]
[White "Waterfield,J"]
[Black "Carlsson,I"]
[Result "0-1"]
[WhiteElo "1948"]
[BlackElo "2130"]

1.e4 e6 2.d4 d5 3.Nd2 Nf6 4.Bd3 c5 5.c3 Nc6 6.Ngf3 cxd4 7.cxd4 Qb6 8.exd5 exd5
9.O-O Be7 10.Re1 O-O 11.h3 Re8 12.Nf1 Be6 13.a3 a5 14.Ng3 g6 15.Bc2 Rad8
16.Qd3 Ne4 17.Ne2 Bf6 18.Qb3 Qa7 19.Be3 Nd6 20.Rad1 b5 21.Ne5 Bxe5 22.dxe5 d4
23.Nxd4 Bxb3 24.Nxc6 Qa8 25.Ne7+ Rxe7 26.Bxb3 Rxe5 {#R} 0-1

[Event "World Senior Teams +65"]
[Site "Hersonissos GRE"]
[Date "2017.04.27"]
[Round "4.5"]
[White "Wademark,H"]
[Black "Van Kemenade,R"]
[Result "1-0"]
[WhiteElo "2037"]
[BlackElo "1914"]

1.e4 e5 2.Nf3 Nf6 3.Nc3 Bb4 4.Bc4 d6 5.d3 c6 6.Bd2 Nbd7 7.Qe2 h6 8.a3 Ba5 9.h3
Qe7 10.Ba2 Bc7 11.Nh2 Nf8 12.Ng4 Ne6 13.Nxf6+ Qxf6 14.Be3 Qg6 15.g3 f5
16.O-O-O Nd4 17.Bxd4 {#r} 1-0

[Event "World Senior Teams +65"]
[Site "Hersonissos GRE"]
[Date "2017.04.27"]
[Round "4.6"]
[White "Munninghoff,Alexander"]
[Black "Reuben,S"]
[Result "0-1"]
[WhiteElo "1930"]
[BlackElo "2077"]

1.c4 c5 2.g3 e6 3.Bg2 Ne7 4.Nf3 Nbc6 5.O-O d5 6.cxd5 Nxd5 7.Nc3 Be7 8.a3 O-O
9.Qc2 b6 10.d4 Nxd4 11.Nxd4 cxd4 12.Nxd5 exd5 13.Bf4 Be6 14.Rac1 Bf6 15.Qb3
Rc8 16.Qb5 Rc4 17.b3 Rc3 18.Bd2 Rxc1 19.Rxc1 Qa8 20.Bb4 Rd8 21.f4 Qb7 22.Qc6
Qa6 {#R} 0-1

[Event "49th Italian Teams 2017"]
[Site "Gallipoli ITA"]
[Date "2017.04.27"]
[Round "1.1"]
[White "Vallejo Pons,F"]
[Black "Juhasz,A"]
[Result "1-0"]
[WhiteElo "2710"]
[BlackElo "2404"]

1.e4 c6 2.d4 d5 3.e5 Bf5 4.h4 h5 5.Bd3 Bxd3 6.Qxd3 e6 7.Bg5 Be7 8.Nf3 Qb6
9.Nc3 Qa6 10.Qd2 Nd7 11.Ne2 Rc8 12.O-O Nf8 13.Ng3 Bxg5 14.Nxg5 g6 15.Rfc1 Ne7
16.c4 Nh7 17.cxd5 Nxg5 18.d6 Nd5 19.hxg5 b6 20.Ne4 Kd7 21.Qd1 Qb5 22.Qf3 Rhf8
23.b3 a5 24.Rc4 Qa6 25.Rac1 Qb7 26.Nf6+ Nxf6 27.Qxf6 Rce8 28.a4 {#r} 1-0

[Event "49th Italian Teams 2017"]
[Site "Gallipoli ITA"]
[Date "2017.04.27"]
[Round "1.1"]
[White "Sibilio,M"]
[Black "David,Alb"]
[Result "0-1"]
[WhiteElo "2336"]
[BlackElo "2546"]

1.Nf3 Nf6 2.d4 b6 3.c4 Bb7 4.Nc3 e6 5.Bg5 Bb4 6.e3 h6 7.Bh4 g5 8.Bg3 Ne4 9.Nd2
Nxg3 10.fxg3 Bxc3 11.bxc3 d6 12.a4 Nd7 13.a5 Rb8 14.axb6 axb6 15.Ra7 O-O 16.h4
f5 17.Qh5 Kg7 18.hxg5 Qxg5 19.Qxg5+ hxg5 20.Be2 Bxg2 21.Rh5 Rb7 22.Rxg5+ Kf6
23.Rxb7 Bxb7 24.Rh5 Kg6 25.Rh4 Nf6 26.c5 Ra8 27.Bd3 Ra1+ 28.Ke2 Nd5 29.Nc4 b5
30.e4 bxc4 31.exf5+ exf5 32.Bxc4 Nxc3+ 33.Ke3 Ra3 {#R} 0-1

[Event "49th Italian Teams 2017"]
[Site "Gallipoli ITA"]
[Date "2017.04.27"]
[Round "1.2"]
[White "Xia,J"]
[Black "Socko,M"]
[Result "0-1"]
[WhiteElo "2286"]
[BlackElo "2462"]

1.d4 Nf6 2.Bg5 e6 3.e4 h6 4.Bxf6 Qxf6 5.Nf3 d6 6.Nc3 Nd7 7.Qd2 a6 8.O-O-O Qd8
9.h4 b5 10.e5 d5 11.Bd3 Bb7 12.Qf4 c5 13.dxc5 Nxc5 14.Kb1 Qc7 15.Rhe1 O-O-O
16.b4 Nd7 17.Qd4 Nb8 18.Bxb5 axb5 19.Nxb5 Nc6 20.Qe3 Qb8 21.Ka1 Ba6 22.Nbd4
Nxd4 23.Nxd4 Bc4 24.Nc6 Qa8 25.Na5 Bxb4 26.Nxc4 dxc4 27.c3 Ba3 28.Qf4 Qa4
29.Rb1 Rd7 30.Re4 Rc7 31.Qf3 Qc6 32.Qe2 Rd8 {#R} 0-1

[Event "49th Italian Teams 2017"]
[Site "Gallipoli ITA"]
[Date "2017.04.27"]
[Round "1.2"]
[White "Scalcione,M"]
[Black "Sorbera,G"]
[Result "0-1"]
[WhiteElo "2321"]
[BlackElo "2191"]

1.Nf3 d5 2.d4 Nf6 3.c4 c6 4.Nc3 e6 5.Qd3 Nbd7 6.cxd5 exd5 7.Bf4 Be7 8.g4 Nxg4
9.Rg1 Nf8 10.h3 Ng6 11.Bd2 Nf6 12.O-O-O Qc7 13.Ne5 Nxe5 14.dxe5 Qxe5 15.Rg5
Qc7 16.Rxg7 b5 17.Bg2 Be6 18.Qc2 O-O-O 19.Be3 Rhg8 20.Rxg8 Rxg8 21.Bf1 a6
22.Bd4 Rd8 23.Bg2 Nh5 24.Be3 Nf4 25.Bf1 Nxh3 26.Qxh7 Nxf2 27.Rd4 Ng4 28.Bf4
Qb6 29.e3 Bf6 30.Qd3 Rh8 31.a4 Rh1 32.Kc2 Nf2 33.Qe2 Bxd4 34.exd4 Rxf1 35.Qxf1
Qxd4 36.Bd6 Bf5+ 37.Kb3 c5 38.axb5 Qb4+ 39.Ka2 Qa5+ {#R} 0-1

[Event "49th Italian Teams 2017"]
[Site "Gallipoli ITA"]
[Date "2017.04.27"]
[Round "1.4"]
[White "Valsecchi,A"]
[Black "Bertagnolli,A"]
[Result "1-0"]
[WhiteElo "2491"]
[BlackElo "2375"]

1.e4 c5 2.Nf3 e6 3.d4 cxd4 4.Nxd4 Qb6 5.Nb3 Qc7 6.Bd3 Nf6 7.O-O d5 8.Nc3 dxe4
9.Nxe4 Nxe4 10.Bxe4 Bd7 11.Qf3 Bc6 12.Bf4 e5 13.Bxe5 Qxe5 14.Bxc6+ Nxc6
15.Rfe1 Bd6 16.Rxe5+ Bxe5 17.c3 Rc8 18.Nc5 b6 19.Nd3 O-O 20.Re1 Bd6 21.g3 Rfd8
22.Kg2 Bf8 23.Nf4 Rd6 24.b4 Rcd8 25.a3 g6 26.c4 a5 27.Nd5 axb4 28.axb4 Rxd5
29.cxd5 Nxb4 30.Re4 Na6 31.Ra4 Nc5 32.Ra7 Rd7 33.Ra8 Kg7 34.h4 h5 35.Qc3+ Kg8
36.Qe5 {#r} 1-0

[Event "49th Italian Teams 2017"]
[Site "Gallipoli ITA"]
[Date "2017.04.27"]
[Round "1.5"]
[White "Cacco,C"]
[Black "Petkov,V"]
[Result "1-0"]
[WhiteElo "2301"]
[BlackElo "2477"]

1.d4 Nf6 2.Nf3 e6 3.Bg5 h6 4.Bh4 c5 5.e3 b6 6.Nbd2 Be7 7.c3 cxd4 8.cxd4 Nd5
9.Bg3 O-O 10.Bc4 Bb7 11.O-O d6 12.Re1 Nd7 13.h3 Rc8 14.e4 N5f6 15.Bd3 d5 16.e5
Ne8 17.a3 Nb8 18.Qe2 Nc7 19.Rac1 Qd7 20.Bf4 Nc6 21.Nb3 Rfe8 22.Nh2 Qd8 23.Be3
f5 24.exf6 Bxf6 25.Qh5 Ne7 26.Bf4 Rf8 27.Ng4 Ne8 28.Bxh6 gxh6 29.Nxh6+ Kg7
30.Rxc8 Bxc8 31.Re3 Qc7 32.Rg3+ Qxg3 33.fxg3 Nd6 34.Qg4+ Kxh6 35.Qf4+ Kg7
36.Qxd6 Nf5 37.Qc7+ Kh6 38.g4 Ne7 39.Qf4+ Kg7 40.g5 {#r} 1-0

[Event "18th Karpov Poikovsky"]
[Site "Poikovsky RUS"]
[Date "2017.04.26"]
[Round "8.2"]
[White "Sutovsky,E"]
[Black "Anton Guijarro,D"]
[Result "1-0"]
[WhiteElo "2650"]
[BlackElo "2679"]

1.e4 c6 2.d4 d5 3.e5 Bf5 4.h4 h5 5.Bd3 Bxd3 6.Qxd3 Qa5+ 7.Nd2 e6 8.Nf3 Qa6
9.c4 Nh6 10.O-O Nf5 11.b3 Be7 12.a4 Bxh4 13.Ba3 Be7 14.Bxe7 Nxe7 15.a5 Nd7
16.Rfc1 Rd8 17.b4 dxc4 18.Nxc4 Nf5 19.Ng5 Nb8 20.Qf3 Qb5 21.Ne3 g6 22.Ne4 O-O
23.Nf6+ Kg7 24.Nxh5+ gxh5 25.Nxf5+ exf5 26.Qxf5 Rfe8 27.Qf6+ Kh7 28.e6 Qd3
29.Qxf7+ Kh6 30.e7 Rc8 31.Re1 {#r} 1-0